Statistics for 5 Largest cities in Israel

Click here to take the quiz!

General Stats

  • This quiz has been taken 74 times
  • The average score is 3 of 5

Answer Stats

Answer % Correct
Jerusalem
98%
Tel Aviv
98%
Haifa
79%
Petah Tikva
23%
Rishon LeZion
19%

Score Distribution

Percentile by Number Answered

Percent of People with Each Score

Your Score History

You have not taken this quiz